Tolmachevo Airport Destinations (Novosibirsk, Russia) - Statistics

General Stats
  • This quiz has been taken 34 times
    8 since last reset
  • The average score is 44 of 86
Answer Stats
Airline Destination % Correct
Azerbaijan Airlines/IrAero/S7 Airlines Baku
100%
S7 Airlines Moscow (Domodedovo)
100%
Aeroflot/Pobeda/Smartavia Moscow (Shermetyevo)
100%
Alrosa/Pobeda/RusLine/Utair/Yakutia Airlines Moscow (Vnukovo)
100%
S7 Airlines Nizhny Novgorod
100%
Aeroflot/Pobeda/Rossiya Airlines/S7 Airlines/Smartavia Saint Petersburg
100%
Aeroflot/Alrosa/Ikar/Nordwind Airlines/Pobeda/S7 Airlines Sochi
100%
Georgian Airways Tbilisi
100%
S7 Airlines/Shirak Avia Yerevan
100%
S7 Airlines Almaty
86%
Qazaq Air/S7 Airlines Astana
86%
S7 Airlines Beijing (Daxing)
86%
IrAero/NordStar/S7 Airlines/Utair Irkutsk
86%
S7 Airlines Istanbul
86%
S7 Airlines Kazan
86%
S7 Airlines Omsk
86%
S7 Airlines Samara
86%
Centrum Air/IrAero/Uzbekistan Airways Tashkent
86%
S7 Airlines Vladivostok
86%
S7 Airlines/UVT Aero Yekaterinburg
86%
Aeroflot/Azur Air/S7 Airlines Antalya
71%
Avia Traffic Company/S7 Airlines Bishkek
71%
S7 Airlines Chelyabinsk
71%
S7 Airlines Dubai (Al Maktoum)
71%
flydubai/S7 Airlines Dubai (International)
71%
Rossiya Airlines/S7 Airlines/Utair Krasnoyarsk (International)
71%
S7 Airlines Ufa
71%
S7 Airlines Abakan
57%
S7 Airlines Chita
57%
S7 Airlines/Somon Air Dushanbe
57%
S7 Airlines Kaliningrad
57%
S7 Airlines Kemerovo
57%
S7 Airlines Magadan
57%
S7 Airlines Makhachkala
57%
S7 Airlines Mineralnye Vody
57%
NordStar/S7 Airlines Norilsk
57%
S7 Airlines Perm
57%
S7 Airlines Petropavlovsk-Kamchatsky
57%
Aeroflot/Azur Air/Ikar/Red Wings Airlines Phuket
57%
S7 Airlines Saratov
57%
S7 Airlines Tomsk
57%
S7 Airlines Ulan-Ude
57%
S7 Airlines Volgograd
57%
S7 Airlines/Yakutia Airlines Yakutsk
57%
Aeroflot/S7 Airlines Bangkok (Suvarnahumi)
43%
S7 Airlines Barnaul
43%
S7 Airlines Blagoveshchensk
43%
Azur Air Colombo (Bandaranaike)
43%
S7 Airlines/Uzbekistan Airways Fergana
43%
S7 Airlines Gorno-Altaysk
43%
Azur Air/I-Fly/Red Wings Airlines Hurghada
43%
S7 Airlines Izhevsk
43%
S7 Airlines Khujand
43%
IrAero/KrasAvia/S7 Airlines Kyzyl
43%
Centrum Air Namangan
43%
S7 Airlines Novokuznetsk
43%
S7 Airlines Orenburg
43%
Avia Traffic Company/S7 Airlines Osh
43%
Azur Air Pattaya
43%
S7 Airlines/Utair Surgut
43%
S7 Airlines Ulyanovsk (Baratayevka)
43%
S7 Airlines Yuzhno-Sakhalinsk
43%
S7 Airlines Bratsk
29%
Red Wings Airlines Hambantota (Mattala)
29%
Alrosa/S7 Airlines Mirny
29%
S7 Airlines Nizhnevartovsk
29%
Qazaq Air/S7 Airlines Öskemen
29%
S7 Airlines Samarqand
29%
Aeroflot Sanya
29%
S7 Airlines Tyumen
29%
Azur Air Cairo
14%
S7 Airlines Khanty-Mansiysk
14%
S7 Airlines/Yakutia Airlines Neryungri
14%
S7 Airlines Noyabrsk
14%
S7 Airlines/Yamal Airlines Salekhard
14%
UVT Aero Tobolsk
14%
IrAero Andizhan
0%
S7 Airlines Issyk-Kul
0%
Aeroflot/Aurora/S7 Airlines Kharbarovsk
0%
S7 Airlines Nadym
0%
Azur Air Nha Trang
0%
S7 Airlines/Yamal Airlines Novy Urengoy
0%
S7 Airlines Pevek
0%
S7 Airlines/SCAT Airlines Şymkent
0%
IrAero/S7 Airlines Talakan
0%
Alrosa Udachny
0%
No matching quizzes found
Score Distribution
Percent of People with Each Score
Percentile by Number Answered
Your Score History
You have not taken this quiz since the last reset